000 00726nam a2200289Ia 4500
005 20260324125014.0
008 008 260324s9999 xx 000 0 eng d
020 _a9780203893852
037 _aEBOOK
040 _aCRL
040 _beng
040 _cCRL
041 _2eng
041 _aeng
084 _qCRL
100 _aAndrea Bloomgarden; Rosemary B. Mennuti
_91176331
245 0 _aPsychotherapist Revealed
245 0 _bTherapists Speak About Self-Disclosure in Psychotherapy
260 _bTaylor and Francis
260 _c2009
365 _a
365 _b89.99
856 _uhttp://www.taylorfrancis.com/books/9780203893852
942 _cEBOOK
999 _c1771214
_d1771214